Pokemon By Picture 2 - Statistics

General Stats
  • This quiz has been taken 70 times
  • The average score is 13 of 16
Answer Stats
Picture Answer % Correct
Psyduck
97%
Snorlax
97%
Gengar
90%
Gloom
90%
Pidgey
90%
Sandshrew
90%
Slowbro
88%
Cubone
85%
Golbat
80%
Lucario
80%
Krabby
78%
Golem
76%
Koffing
75%
Wigglytuff
73%
Infernape
71%
Clefable
63%
No matching quizzes found
Score Distribution
Percent of People with Each Score
Percentile by Number Answered
Your Score History
You have not taken this quiz